| 000 | 00399nab a2200145Ia 4500 | ||
|---|---|---|---|
| 003 | ES-SlBCS | ||
| 005 | 20210601124945.0 | ||
| 008 | 140529s1980 xxu||||| |||| 00| 0 eng d | ||
| 041 | _aeng | ||
| 100 | 1 |
_aBrady, James B. _9133089 |
|
| 245 | 0 | 0 |
_aPunishihg Attempts _c James B. Brady |
| 650 | 0 | 4 |
_aCastigo _9132594 |
| 773 | 0 |
_tMonist, the _gvol. 63, nº. 2, 1980, págs. 240-251 _wRev1667 |
|
| 942 | _cAR | ||
| 999 |
_c522345 _d522345 |
||